عرض عادي
عرض مارك
- Donna, Sylvie.
مدخل إسم شخص
001 - رقم الضبط
- حقل الضبط: 46269
003 - معرف رقم الضبط
- حقل الضبط: OSt
005 - تاريخ ووقت أخر عملية
- حقل الضبط: 20140710112300.0
008 - عناصر بيانات ثابتة الطول
- حقل تحكم ثابت الطول: 140710|||a|||||| | ||| d
040 ## - مصدر الفهرسة
- هيئة الفهرسة الأصلية: OSt
- وكالة الكتابة: OSt
100 ## - مدخل -- أسم شخص
- إسم شخص: Donna, Sylvie.
670 ## - بيانات المصدر موجوده
- الاستشهاد بالمصدر: Work cat.: (OSt)0: Marks, Jonathan 46266, English pronunciation in use. Elementary : Self-study and classroom use /, 2013
